00333nam a2200121Ia 4500008004100000041000800041082001400049100002200063245004500085260004300130300002900173365000900202240624s9999 xx 000 0 und d aeng a641.8 SCH aSCHMID ALBERT W A aHOSPITALITY MANAGER S GUIDE TO WINES BEE c2004aNew DelhibPearson Prentice Hall ax, : 294 : p. : cm. ; 23 cb30